Word Ladder: 2014 Best Picture Nominees Quiz Stats

Quiz Updated Jun 2, 2015

Challenge
Share
Tweet
Embed
Score 0/14 Timer 02:00
1 Play Today
Clue Word % Correct
4-Letter LadderGOLD
93.2%
4-Letter LadderWELD
90.8%
4-Letter LadderGELD
89.9%
4-Letter LadderWELL
89.3%
5-Letter LadderSHARE
85.6%
5-Letter LadderSHAVE
85.6%
4-Letter LadderGOLF
85.2%
Clue Word % Correct
4-Letter Ladder✯ WALL ✯
83.8%
4-Letter Ladder✯ WOLF ✯
82.5%
5-Letter LadderSEARS
69.6%
5-Letter LadderSPARE
68.1%
5-Letter Ladder✯ SLAVE ✯
63.2%
5-Letter Ladder✯ YEARS ✯
63.2%
5-Letter LadderSPARS
57%

Today's Daily Dose

Missing Word
Fruity Song Titles

Quick Pick
Double Blanks

On This Day
June 22nd II

You're not logged in!

Compare scores with friends on all Sporcle quizzes.
Join for Free
OR
Log In

You Might Also Like...

Show Comments

Extras

Top Quizzes Today


Score Distribution

Your Account Isn't Verified!

In order to create a playlist on Sporcle, you need to verify the email address you used during registration. Go to your Sporcle Settings to finish the process.

Report this User

Report this user for behavior that violates our Community Guidelines.

Details: